000
00220nam a22001217a 4500
999
_c
169089
_d
169089
082
_a
_b
100
_a
245
_a
Aitareyabrahmana/
_c
260
_a
Delhi:
_b
Nag,
_c
300
_a
650
_a
942
_c
BK